Statistics for Top 100 UFC Fighters of All Time

Click here to take the quiz!

General Stats

  • This quiz has been taken 264 times
  • The average score is 45 of 100

Answer Stats

RankFighter% Correct
1Jon Jones
97%
16Conor McGregor
94%
3Georges St-Pierre
92%
2Anderson Silva
90%
4Khabib Nurmagomedov
87%
11Daniel Cormier
84%
30Israel Adesanya
82%
5Demetrious Johnson
81%
8José Aldo
79%
13Kamaru Usman
76%
72Dustin Poirier
73%
7Stipe Miocic
73%
26Alexander Volkanovski
72%
35Francis Ngannou
71%
14Max Holloway
69%
83Justin Gaethje
67%
66Brock Lesnar
66%
28Charles Oliveira
66%
67Islam Makhachev
66%
49Nate Diaz
66%
18Henry Cejudo
64%
90Alex Pereira
63%
70Leon Edwards
61%
20Dominick Cruz
60%
6Amanda Nunes
59%
43Michael Bisping
59%
10Chuck Liddell
58%
37Tony Ferguson
58%
19BJ Penn
56%
41Aljamain Sterling
55%
32Ronda Rousey
55%
12Randy Couture
54%
27Tito Ortiz
54%
61Brandon Moreno
53%
29Quinton Jackson
53%
39TJ Dillashaw
53%
17Matt Hughes
52%
54Robert Whittaker
52%
85Eddie Alvarez
49%
36Tyron Woodley
49%
81Colby Covington
46%
87Petr Yan
46%
58Cain Velasquez
44%
89Holly Holm
44%
52Frank Mir
43%
79Jiri Prochazka
43%
74Donald Cerrone
42%
80Jan Blachowicz
42%
60Lyoto Machida
42%
77Rafael dos Anjos
42%
9Royce Gracie
42%
62Deiveson Figueiredo
41%
38Benson Henderson
40%
57Mauricio Rua
40%
31Chris Weidman
39%
25Dan Henderson
39%
51Glover Teixeira
39%
48Junior dos Santos
39%
68Anthony Pettis
38%
33Frankie Edgar
38%
53Robbie Lawler
38%
15Valentina Shevchenko
38%
65Matt Serra
36%
56Luke Rockhold
35%
100Dominick Reyes
34%
45Forrest Griffin
34%
21Frank Shamrock
34%
23Ken Shamrock
34%
93Khamzat Chimaev
34%
34Joanna Jedrzejczyk
32%
76Stephen Thompson
32%
44Rashad Evans
31%
64Rose Namajunas
31%
63Vitor Belfort
31%
82Brian Ortega
29%
59Fabricio Werdum
29%
71Jim Miller
29%
50Zhang Weili
28%
42Cris Cyborg
27%
46Mark Coleman
26%
22Rich Franklin
26%
96Alexa Grasso
25%
69Andrei Arlovski
25%
47Jens Pulver
24%
86Chan Sung Jung
23%
98Julianna Pena
20%
92Edson Barboza
19%
55Jessica Andrade
19%
73Tim Sylvia
19%
94Carla Esparza
18%
84Cory Sandhagen
18%
91Marlon Vera
18%
24Antonio Rodrigo Nogueira
16%
40Pat Miletich
15%
97Dan Severn
14%
75Ovince St. Preux
8%
78Cody Garbrandt
7%
99Clay Guida
6%
95Cub Swanson
5%
88Joe Lauzon
2%

Score Distribution

Percentile by Number Answered

Percent of People with Each Score

Your Score History

You have not taken this quiz